000 00665nam a2200229Ia 4500
003 OSt
005 20220930192229.0
006 a|||||r|||| 00| 0
007 ta
008 220926b |||||||| |||| 00| 0 eng d
024 _a9920
037 _cDissertations
040 _aCRL
_cCRL
_beng
041 _2eng
_aeng
100 _aDusaj M.
_9561046
110 _aUniversity of Delhi
245 0 _aObservation on typiccal and atypical strains of tubercle bacilli, with paticular reference to cytochemical tests and growth in tissue culture
260 _c1963
700 _aUniversity of Delhi
942 _cDIS
_2CC
999 _c894926
_d894926